00796nas a2200241Ia 4500001001600000003001000016008004100026040002500067041001300092100002000105210001900125222001900144245009300163250001100256260000900267501012300276300001500399362003400414500005700448650002300505700001300528700001300541A03/R023-38861 IT-MiCISF161014c99999999xx |||||||||||| ||und|| aIT-MiCISFcIT-MiCISF aITALIANO aProcaccianti P. aDifesa sociale aDifesa sociale 0aOrizzonti etico-normativi della libertà di cura e "dimissione volontaria" del paziente a1a ed. c2003 bCISF - Centro Internazionale Studi Famiglia - Via Giotto, 36 20145 MILANO (non commercial uses only)cCopyright 2016 app. 91-100 an. 1-2, gennaio-aprile [2003] a Tema: diritti-del-malato, etica, operatori-sanitari aBIOETICAvarticolo a Argo A. a Tona R.